青海省辖县级行政区地图 County-level administrative divisions of Qinghai - Statistics

General Stats
  • This quiz has been taken 704 times
  • The average score is 31 of 45
Answers on the Map
Answers color-coded by a green-red scale on the quiz's map according to % correct below.
 
Answer Stats
县级类 地名 % Correct
县级市 格尔木市
97%
县级市 德令哈市
92%
县级市 玉树市
92%
县级市 茫崖市
86%
市辖区 城西区
86%
市辖区 城东区
85%
市辖区 城北区
84%
湟源县
83%
市辖区 湟中区
80%
市辖区 城中区
80%
祁连县
78%
共和县
77%
自治县 大通回族土族自治县
77%
海晏县
76%
玛沁县
75%
自治县 门源回族自治县
74%
自治县 互助土族自治县
72%
玛多县
70%
市辖区 乐都区
70%
天峻县
70%
市辖区 平安区
68%
自治县 河南蒙古族自治县
68%
自治县 民和回族土族自治县
67%
都兰县
67%
县级市 同仁市
67%
曲麻莱县
67%
刚察县
66%
乌兰县
66%
自治县 化隆回族自治县
64%
不统计 海西蒙古族藏族自治州直辖
64%
治多县
63%
自治县 循化撒拉族自治县
62%
贵德县
62%
称多县
61%
杂多县
61%
囊谦县
59%
尖扎县
58%
贵南县
56%
久治县
55%
班玛县
53%
同德县
53%
达日县
51%
甘德县
50%
兴海县
50%
泽库县
49%
No matching quizzes found
Score Distribution
Percent of People with Each Score
Percentile by Number Answered
Your Score History
You have not taken this quiz